| 000 | 00689nam a2200217 a 4500 | ||
|---|---|---|---|
| 999 |
_c3857 _d3857 |
||
| 001 | 3857 | ||
| 003 | BD-JhCC | ||
| 005 | 20180306193928.0 | ||
| 008 | 171119s1968 bg |||| ||a| 000 0 ben d | ||
| 035 | _a(BD-JhCC)3857 | ||
| 040 |
_aBD-JhCC _dBD-JhCC |
||
| 041 | _aben | ||
| 082 |
_a891.4415 _bAMA 1968 |
||
| 100 | _aএদেশ আমার | ||
| 245 |
_aএদেশ আমার : _bদেশাত্নবোধক কিশোর কাব্য সংকলন / _cবাংলা একাডেমী |
||
| 260 |
_aঢাকা : _bবাংলা একাডেমী, _c1968 |
||
| 300 |
_a140 p. : _c20 cm. |
||
| 650 | _aBengali Poetry | ||
| 942 |
_2ddc _cBK |
||